Logo BPK

Biblioteka

Politechniki Koszalińskiej

Podręcznik Microsoft Excel 2000 : (Rekord nr 36763)

Szczegóły MARC
000 -ETYKIETA REKORDU
podpole kontrolne o stałej długości 00774nam a2200253 i 4500
001 - NUMER KONTROLNY REKORDU
pole kontrolne bg
020 ## - MIĘDZYNARODOWY ZNORMALIZOWANY NUMER KSIĄŻKI - ISBN
ISBN 8372430098
040 ## - ŹRÓDŁO KATALOGOWANIA
Instytucja, która utworzyła rekord BPK
041 1# - KOD JĘZYKA
Kod języka tekstu pl
Kod języka oryginału en
080 ## - UNIWERSALNA KLASYFIKACJA DZIESIĘTNA - UKD
UKD 004.42(07)Excel
920 ## - Międzynarodowy znormalizowany numer książki – ISBN
ISBN 83-7243-009-8
008 - POLE O STAŁEJ DŁUGOŚCI - DANE KONTROLNE
podpole kontrolne o stałej długości s pl f |000 0 pol
100 1# - NAZWA OSOBOWA
Nazwa osobowa DODGE, Mark
245 10 - TYTUŁ/ODPOWIEDZIALNOŚĆ
Tytuł Podręcznik Microsoft Excel 2000 :
Ciąg dalszy tytułu wersja polska /
Pozostałe elementy strefy tytułu i oznaczenia odpowiedzialności Mark Dodge, Craig Stinson ; [oprac. wersji pol. Piotr Kresak].
246 ## - WARIANT TYTUŁU
Treść wyrażenia wprowadzającego Tyt. oryg.:
Tytuł Running Microsoft Excel 2000
260 ## - STREFA ADRESU WYDAWNICZEGO
Miejsce wydania Warszawa :
Nazwa wydawcy/dystrybutora "RM",
Data publikacji, dystrybucji/powstania dokumentu 1999.
300 ## - STREFA OPISU FIZYCZNEGO
Objętość XVIII, [1], 866 s. ;
Rozmiary 24 cm.
500 ## - UWAGI OGÓLNE
Tekst uwagi Tyt. oryg.: "Running Microsoft Excel 2000" 1999.
650 #9 - HASŁO PRZEDMIOTOWE W FORMIE NAZWY OGÓLNEJ LUB JEDNOSTKOWEJ
Nazwa ogólna lub geograficzna Excel
655 ## - TERMIN INDEKSOWY - OKREŚLENIE RODZAJU/FORMY DOKUMENTU
Określenie rodzaju/formy dokumentu Podręczniki
700 1# - HASŁO DODATKOWE - NAZWA OSOBOWA
Nazwa osobowa STINSON, Craig
Daty związane z nazwą (1943- )
700 1# - HASŁO DODATKOWE - NAZWA OSOBOWA
Nazwa osobowa KRESAK, Piotr.
Określenie związku między hasłem a opisywanym materiałem Oprac.
856 ## - LOKALIZACJA I DOSTĘP DO ELEKTRONICZNYCH DOKUMENTÓW ZDALNYCH
Link (URL) http://koha.tu.koszalin.pl/cgi-bin/koha/opac-detail.pl?biblionumber=36763
Tekst linku Katalog online BPK
942 ## - DODATKOWE ELEMENTY (KOHA)
Typ dokumentu Książka
Egzemplarze
Wycofany Status egzemplarza Uszkodzony Dostępność Lokalizacja stała Lokalizacja bieżąca Miejsce przechowywania Sygnatura Kod kreskowy Ostatnio wypożyczono Typ dokumentu
      Dostępny Biblioteka Politechniki Koszalińskiej Biblioteka Politechniki Koszalińskiej Wypożyczalnia BG 51628 01465471 16.08.2018 Książka
© 2023 Biblioteka Politechniki Koszalińskiej :: KOHA